The chorus in eliot's plays and other essays / (Record no. 891790)

MARC details
000 -LEADER
fixed length control field 00842nam a2200301 a 4500
001 - CONTROL NUMBER
control field vtls001439463
003 - CONTROL NUMBER IDENTIFIER
control field NLI
005 - DATE AND TIME OF LATEST TRANSACTION
control field 20210627122024.0
008 - FIXED-LENGTH DATA ELEMENTS--GENERAL INFORMATION
fixed length control field 121130s1993 ii 000 m eng
020 ## - INTERNATIONAL STANDARD BOOK NUMBER
International Standard Book Number 8171671357 (pbk.)
Terms of availability Rs.50.00
039 #9 - LEVEL OF BIBLIOGRAPHIC CONTROL AND CODING DETAIL [OBSOLETE]
-- 201211301648
-- VLOAD
040 ## - CATALOGING SOURCE
Original cataloging agency NLI
Language of cataloging eng
Transcribing agency Datasoft_GENG
Description conventions AACR2
041 0# - LANGUAGE CODE
Language code of text/sound track or separate title eng
044 ## - COUNTRY OF PUBLISHING/PRODUCING ENTITY CODE
MARC country code ii
082 04 - DEWEY DECIMAL CLASSIFICATION NUMBER
Classification number 822
100 1# - MAIN ENTRY--PERSONAL NAME
Personal name Sarkar, Subhas
9 (RLIN) 1003620
245 14 - TITLE STATEMENT
Title The chorus in eliot's plays and other essays /
Statement of responsibility, etc. Subhas Sarkar
260 ## - PUBLICATION, DISTRIBUTION, ETC.
Place of publication, distribution, etc. New Delhi :
Name of publisher, distributor, etc. Rupa and Company,
Date of publication, distribution, etc. 1993
300 ## - PHYSICAL DESCRIPTION
Extent 150 p. ;
Dimensions 18 cm.
650 #0 - SUBJECT ADDED ENTRY--TOPICAL TERM
Topical term or geographic name entry element English essays
9 (RLIN) 682560
650 #0 - SUBJECT ADDED ENTRY--TOPICAL TERM
Topical term or geographic name entry element English drama
9 (RLIN) 688423
887 ## - NON-MARC INFORMATION FIELD
Content of non-MARC field
901 ## - LOCAL DATA ELEMENT A, LDA (RLIN)
a DB64450
b 24.11.1993
902 ## - LOCAL DATA ELEMENT B, LDB (RLIN)
a E 822 Sa 73
904 ## - LOCAL DATA ELEMENT D, LDD (RLIN)
l 490
949 ## - LOCAL PROCESSING INFORMATION (OCLC)
-- VIRTUAITEM
-- 10000
-- 100
6 DBA000064450ENG
942 ## - ADDED ENTRY ELEMENTS (KOHA)
Source of classification or shelving scheme Dewey Decimal Classification
Koha item type Books
Holdings
Withdrawn status Lost status Damaged status Not for loan Collection code Home library Current library Shelving location Date acquired Total Checkouts Full call number Barcode Date last seen Price effective from Koha item type
        New English National Library of India National Library of India New English - Main Stack Division     E 822 Sa 73 DBA000064450ENG 27/06/2021 27/06/2021 Books
                                                                           
web counter

Copyright ©2020 The National Library of India, Govt. of India ↔ Hosted by NVLI, MOC ↔ Technology and Design by National Library of India, Ministry of Culture, Govt. of India